Countries With Top 100 Metros Quiz Stats

Quiz Updated May 30, 2012

Challenge
Share
Tweet
Embed
Score 0/43 Timer 05:00
13 Plays Today
# Country % Correct
14USA
99.6%
16China
99.2%
1France
96.9%
1United Kingdom
96.9%
8Brazil
96.8%
3Mexico
96.3%
2Russia
96.3%
9India
96.2%
2Germany
95.9%
3Japan
95.8%
2Spain
92.9%
2Italy
92.8%
2Canada
92.6%
1Argentina
92%
3South Africa
91.1%
2Australia
91.1%
2Egypt
90.2%
1Iran
83%
1Indonesia
82.2%
1Chile
81.1%
1South Korea
80.7%
2Pakistan
80.5%
# Country % Correct
2Turkey
79.5%
1Iraq
77.6%
1Peru
75.8%
1Colombia
75.7%
1Thailand
74.1%
1Vietnam
73.5%
1Nigeria
73.3%
1Saudi Arabia
70.9%
1Venezuela
67.5%
1Philippines
63%
1Malaysia
62.7%
2Bangladesh
62.7%
1Kenya
60.6%
1Singapore
57.2%
1Morocco
54.3%
1Dem. Rep. Congo
51.9%
1Taiwan
51.3%
1Sudan
48.8%
1Myanmar
42.6%
1Angola
25.6%
1Ivory Coast
20.8%

You're not logged in!

Compare scores with friends on all Sporcle quizzes.
Sign Up with Email
OR
Log In

You Might Also Like...

Show Comments

Extras

Top Quizzes Today


Score Distribution

Your Account Isn't Verified!

In order to create a playlist on Sporcle, you need to verify the email address you used during registration. Go to your Sporcle Settings to finish the process.